<?xml version="1.0" encoding="UTF-8"?>
<record
    xmlns:xsi="http://www.w3.org/2001/XMLSchema-instance"
    xsi:schemaLocation="http://www.loc.gov/MARC21/slim http://www.loc.gov/standards/marcxml/schema/MARC21slim.xsd"
    xmlns="http://www.loc.gov/MARC21/slim">

  <leader>00503nam a2200145Ia 4500</leader>
  <controlfield tag="008">090122s9999    xx            000 0 und d</controlfield>
  <datafield tag="082" ind1=" " ind2=" ">
    <subfield code="b">9458</subfield>
  </datafield>
  <datafield tag="100" ind1=" " ind2=" ">
    <subfield code="a">&#x935;&#x921;&#x928;&#x947;&#x930;&#x915;&#x930;</subfield>
    <subfield code="b">&#x92A;&#x94D;&#x930;&#x940;&#x924;&#x940;</subfield>
  </datafield>
  <datafield tag="245" ind1=" " ind2=" ">
    <subfield code="a">&#x915;&#x939;&#x93E;&#x923;&#x940; &#x938;&#x94D;&#x924;&#x94D;&#x930;&#x940; &#x91C;&#x928;&#x94D;&#x92E;&#x93E;&#x91A;&#x940;</subfield>
  </datafield>
  <datafield tag="600" ind1=" " ind2=" ">
    <subfield code="a">&#x935;&#x921;&#x928;&#x947;&#x930;&#x915;&#x930;</subfield>
  </datafield>
  <datafield tag="630" ind1=" " ind2=" ">
    <subfield code="a">&#x915;&#x939;&#x93E;&#x923;&#x940; &#x938;&#x94D;&#x924;&#x94D;&#x930;&#x940; &#x91C;&#x928;&#x94D;&#x92E;&#x93E;&#x91A;&#x940;</subfield>
  </datafield>
  <datafield tag="700" ind1=" " ind2=" ">
    <subfield code="a">&#x935;&#x921;&#x928;&#x947;&#x930;&#x915;&#x930;</subfield>
  </datafield>
  <datafield tag="730" ind1=" " ind2=" ">
    <subfield code="a">&#x915;&#x939;&#x93E;&#x923;&#x940; &#x938;&#x94D;&#x924;&#x94D;&#x930;&#x940; &#x91C;&#x928;&#x94D;&#x92E;&#x93E;&#x91A;&#x940;</subfield>
  </datafield>
  <datafield tag="942" ind1=" " ind2=" ">
    <subfield code="c">BOOK</subfield>
  </datafield>
  <datafield tag="999" ind1=" " ind2=" ">
    <subfield code="c">33535</subfield>
    <subfield code="d">33535</subfield>
  </datafield>
  <datafield tag="952" ind1=" " ind2=" ">
    <subfield code="0">0</subfield>
    <subfield code="1">0</subfield>
    <subfield code="4">0</subfield>
    <subfield code="7">0</subfield>
    <subfield code="a">DOMGRANTH</subfield>
    <subfield code="b">DOMGRANTH</subfield>
    <subfield code="d">2009-01-22</subfield>
    <subfield code="l">0</subfield>
    <subfield code="o">9458</subfield>
    <subfield code="p">DOM-9458</subfield>
    <subfield code="r">2009-01-22 00:00:00</subfield>
    <subfield code="t">1</subfield>
    <subfield code="w">2009-01-22</subfield>
    <subfield code="y">BOOK</subfield>
  </datafield>
</record>
